GUIDE TO THE COMPANIES ACT (Record no. 10930)

MARC details
000 -LEADER
fixed length control field 00290nam a22001337a 4500
003 - CONTROL NUMBER IDENTIFIER
control field SGT
082 ## - DEWEY DECIMAL CLASSIFICATION NUMBER
Classification number 346.066,RAM
100 ## - MAIN ENTRY--PERSONAL NAME
Personal name RAMAIYA,A
245 ## - TITLE STATEMENT
Title GUIDE TO THE COMPANIES ACT
260 ## - PUBLICATION, DISTRIBUTION, ETC. (IMPRINT)
Place of publication, distribution, etc NAGPUR
Name of publisher, distributor, etc WADHWA & COMPANY
Year of Publication 1988
300 ## - PAGE DESCRIPTION
No. of Pages 2333
650 ## - SUBJECT ADDED ENTRY--TOPICAL TERM
Topical term or geographic name as entry element COMPANIES ACT
942 ## - ADDED ENTRY ELEMENTS (KOHA)
Source of classification or shelving scheme Dewey Decimal Classification
Koha item type Books
Holdings
Withdrawn status Lost status Source of classification or shelving scheme Damaged status Not for loan Collection code Home library Current library Shelving location Date acquired Vendor Name SGTU Full call number Accession No. (Barcode) Date last seen Bill Date Koha item type
    Dewey Decimal Classification   Not For Loan LAW SGT Science & Social Sciences Library SGT Science & Social Sciences Library Reference Book 13/02/2017 DONATE SGTU 346.066,RAM FL876 13/02/2017 13/02/2017 Books